[Event "Western Idaho Open"]
[Site "Boise, ID"]
[Date "2014.12.14"]
[Round "4.108"]
[White "Taylor, Shane"]
[Black "Kircher, Caleb Paul"]
[Result "1-0"]
[WhiteElo "1473"]
[BlackElo "1882"]
[EventRounds "5"]
[EventCountry "USA"]

1. e4 d5 2. exd5 Nf6 3. d4 Nxd5 4. c4 Nb6 5. Bg5 h6 6. Bh4 g5 7. Bg3 Bg7 8.
Ne2 Nc6 9. Na3 Bf5 10. d5 Ne5 11. Nd4 Bg6 12. h4 gxh4 13. Rxh4 Bf6 14. Rh3 c5
15. Bxe5 Bxe5 16. Ne6 fxe6 17. Qg4 Bf5 18. Qh5+ Kd7 19. dxe6+ Kxe6 20. g4 Bh7
21. Re3 Nd7 22. Bg2 Qe8 23. Bd5+ Kf6 24. Rf3+ Kg7 25. Rf7+ Kg8 26. Rxe7+ Kf8
27. Rf7+ Kg8 28. Rxd7+ Kf8 29. Rf7+ Kg8 30. Re7+ Kf8 31. Rxe8+ {#r} 1-0

[Event "Western Idaho Open"]
[Site "Boise, ID"]
[Date "2014.12.14"]
[Round "5.107"]
[White "Nathan, Jacob Ari"]
[Black "Taylor, Shane"]
[Result "0-1"]
[WhiteElo "1391"]
[BlackElo "1473"]
[EventRounds "5"]
[EventCountry "USA"]

1. e4 d5 2. exd5 Qxd5 3. Nc3 Qe6+ 4. Be2 Nc6 5. Nf3 Qg6 6. Rg1 e5 7. d4 Nb4 8.
Bb5+ c6 9. Ba4 Bg4 10. Kf1 O-O-O 11. a3 Rxd4 12. Qe1 Bxf3 13. gxf3 Nxc2 14.
Qe2 Nxa1 15. Rxg6 hxg6 16. Qxe5 Rd8 17. Ne4 Rh5 18. Qc3 Ne7 19. b3 b5 20. Qxa1
bxa4 21. bxa4 Nf5 22. Bf4 Rd7 23. Qc3 Nd4 24. Qb2 Kd8 25. Qb8+ Ke7 26. Bd6+
Ke6 27. Qxf8 Kd5 28. Qxg7 Rf5 29. Nf6+ Kxd6 30. Nxd7 Ne6 31. Qg8 Kxd7 32. Qb8
Ra5 33. Qb7+ Nc7 34. Qb3 Rf5 35. Qc3 c5 36. Qa5 a6 37. Qd2+ Kc6 38. Qc3 Kd6
39. h4 Kc6 40. Qg7 c4 41. Qd4 Rc5 42. Qf6+ Kb7 43. Qxf7 c3 44. Qb3+ Ka7 45. a5
Rc6 46. Qc2 Nb5 47. Qe4 Kb7 48. Qc2 Nd4 49. Qb1+ Kc7 50. Qb6+ Rxb6 51. axb6+
Kxb6 52. Ke1 Nxf3+ 53. Kd1 Kc5 54. Kc2 Kc4 55. a4 Nxh4 56. a5 Nf5 57. f4 Nd4+
58. Kc1 Kd3 59. Kd1 c2+ 60. Kc1 Ne2+ {#R} 0-1

[Event "BCC #10"]
[Site "Boise, ID"]
[Date "2015.09.26"]
[Round "1.4"]
[White "Etulain, Jean Mikel"]
[Black "Taylor, Shane"]
[Result "0-1"]
[WhiteElo "626"]
[BlackElo "1539"]
[EventRounds "4"]
[EventCountry "USA"]

1. e4 e5 2. Nf3 Nc6 3. Nc3 Bb4 4. a3 Ba5 5. b4 Bb6 6. Na4 Nf6 7. Nxb6 axb6 8.
b5 Nd4 9. Nxe5 Nxe4 10. Bc4 d5 11. d3 Nc3 12. Be3 Nxd1 13. Rxd1 Nxc2+ 14. Kf1
Nxe3+ 15. fxe3 dxc4 {#R} 0-1

[Event "BCC #10"]
[Site "Boise, ID"]
[Date "2015.09.26"]
[Round "2.1"]
[White "Taylor, Shane"]
[Black "Machin, Alex James"]
[Result "1/2-1/2"]
[WhiteElo "1539"]
[BlackElo "1692"]
[EventRounds "4"]
[EventCountry "USA"]

1. e4 e6 2. d4 d5 3. Nc3 dxe4 4. Nxe4 Nd7 5. Bb5 c6 6. Ba4 Ngf6 7. Ng3 Bd6 8.
N1e2 O-O 9. Bf4 Qc7 10. Qd2 b5 11. Bb3 Bb7 12. O-O Rfd8 13. Bxd6 Qxd6 14. Qf4
Qxf4 15. Nxf4 c5 16. dxc5 Nxc5 17. f3 a6 18. Rad1 Kf8 19. c3 Nxb3 20. axb3 Nd5
21. Nxd5 Bxd5 22. b4 a5 23. bxa5 Rxa5 24. Ra1 Rda8 25. Rxa5 Rxa5 26. Rd1 Ke7
27. Kf2 h6 28. Rd4 Kd6 29. Rb4 Kc6 30. f4 Ra4 31. Rxa4 bxa4 32. Ne2 Kc5 33. g3
Kc4 34. Nc1 f6 35. Ke3 e5 36. fxe5 fxe5 37. h4 g5 38. hxg5 hxg5 39. Kd2 Bc6
40. Ke3 Bd5 {#d} 1/2-1/2

[Event "BCC #10"]
[Site "Boise, ID"]
[Date "2015.09.26"]
[Round "3.3"]
[White "Buus, Jarod N"]
[Black "Taylor, Shane"]
[Result "1-0"]
[WhiteElo "1723"]
[BlackElo "1539"]
[EventRounds "4"]
[EventCountry "USA"]

1. e4 d6 2. d4 Nf6 3. Nc3 g6 4. f3 Bg7 5. Be3 O-O 6. Qd2 c6 7. Bh6 e5 8. Bxg7
Kxg7 9. O-O-O Qc7 10. Nge2 b5 11. Ng3 a5 12. h4 h5 13. dxe5 dxe5 14. Qg5 Nh7
15. Qe3 Be6 16. Bd3 a4 17. Nf5+ gxf5 18. exf5 b4 19. f6+ Kxf6 20. Bxh7 Ke7 21.
Ne4 Nd7 22. Rxd7+ Kxd7 23. Rd1+ Kc8 24. Nd6+ Kb8 25. Qc5 Ra6 26. Nb5 cxb5 27.
Qxf8+ Ka7 28. Be4 Kb6 29. Qxb4 Bxa2 30. Bf5 Be6 31. Be4 Ka7 32. Qf8 Kb6 33.
Rd8 Ka5 34. c3 Kb6 35. Rb8+ Ka7 36. Rxb5 Bc8 37. Rc5 Qb6 38. Qxc8 {#r} 1-0

[Event "BCC #10"]
[Site "Boise, ID"]
[Date "2015.09.26"]
[Round "4.5"]
[White "Taylor, Shane"]
[Black "Zaklan, David"]
[Result "0-1"]
[WhiteElo "1539"]
[BlackElo "1474"]
[EventRounds "4"]
[EventCountry "USA"]

1. e4 c6 2. d4 d5 3. Nc3 e6 4. Nf3 Bb4 5. exd5 cxd5 6. Ne5 Nf6 7. Bd3 O-O 8.
f4 Nc6 9. O-O Bxc3 10. bxc3 Ne4 11. Bxe4 dxe4 12. Be3 a6 13. c4 Ne7 14. Bc1 b5
15. Ba3 Re8 16. Bxe7 Qxe7 17. cxb5 axb5 18. Qe2 Ba6 19. Qxe4 Bb7 20. Qe1 Qd6
21. c3 Qd5 22. Rf2 Rec8 23. Nd3 Ra3 24. Nc5 Ba8 25. Qc1 Ra7 26. Qb2 Bc6 27.
Rc2 Rca8 28. Nd3 Qc4 29. Ne5 Qd5 30. Nxc6 Qxc6 31. Rf2 Qc4 32. Qb4 Qd5 33. Qb2
Ra4 34. g4 Rc4 35. Rb1 Rb8 36. Qb3 Qc6 37. Rc1 b4 38. Rfc2 Rc8 39. Kf2 Rxc3
40. Rxc3 bxc3 41. Ke3 c2 42. a4 Qg2 43. Qd3 Qh3+ 44. Ke4 f5+ {#R} 0-1